000 00321nam a22001337a 4500
008 210519b ||||| |||| 00| 0 eng d
041 _aeng
080 _22nd
_a510
082 _a510
100 _a36
101 _aMAT
245 _aIntroduction to Matrices and Linear Transformations
_cFinkbeiner,D.T
942 _2udc
_cBK
999 _c57456
_d57456